Countries and their former colonies Quiz Stats

 Plays Quiz not verified by Sporcle

Also try: 'B' World Metros
Challenge
Share
Tweet
Score 0/10 Timer 03:00
0 Plays Today
% Correct
Taiwan, Korea
100%
Rio de Oro, Spanish Guinea, Ifni
98.5%
Angola, Mozambique, Brazil, Macau, Timor-Leste
98.5%
Canada, India, Australia, South Africa, Nigeria
97%
Djibouti, Haiti, Indochina, Algeria, Madagascar
97%
Libya, Eritrea
97%
Iceland, US Virgin Islands
97%
Suriname, Indonesia
95.5%
Cameroon, Togo
95.5%
0%

You're not logged in!

Compare scores with friends on all Sporcle quizzes.
Join for Free
OR
Log In

You Might Also Like...

Show Comments

Extras

Created Apr 13, 2015ReportNominate
Tags:Country Quiz, colony, empire

Top Quizzes Today


Score Distribution

Your Account Isn't Verified!

In order to create a playlist on Sporcle, you need to verify the email address you used during registration. Go to your Sporcle Settings to finish the process.

Report this User

Report this user for behavior that violates our Community Guidelines.

Details: